| 000 | 00775nam a22003010a 4500 | ||
|---|---|---|---|
| 001 | PT29898 | ||
| 003 | AR-LpoUNG | ||
| 005 | 20210131233555.0 | ||
| 008 | 191001s2007||||xxu|||||||||||||||||eng d | ||
| 020 |
_a9780194568029 _c$41.70 |
||
| 040 |
_aAR-LpoUNG _bspa _cAR-LpoUNG _eaacr |
||
| 041 | _aeng | ||
| 044 | _axxu | ||
| 082 | 0 | _a421.52 238boo | |
| 100 | 1 | _aTaylor, Liz | |
| 245 | 1 | 0 |
_aInternational express : _bpocket book elementary |
| 250 | _a1ra. ed. | ||
| 260 |
_aOxford : _bOxford University, _c2007. |
||
| 300 |
_a29 p. : _bil. |
||
| 650 | 4 | _aAPRENDIZAJE | |
| 650 | 4 | _aENSEĆANZA DE IDIOMAS | |
| 650 | 4 | _aGRAMATICA | |
| 650 | 4 | _aIDIOMA | |
| 650 | 4 | _aLENGUA INGLESA | |
| 651 | 4 | _aDOCUMENTOS TEORICOS O METODOLOGICOS | |
| 905 | _a29898 | ||
| 942 | _cLIB | ||
| 999 |
_c21442 _d21442 |
||